| Поле | Инд. | ПП | Название | Значение |
|---|---|---|---|---|
| Тип записи | a | |||
| Библиографический уровень | m | |||
| 001 | Контрольный номер | f6d4b64a-8260-4254-b2c1-bec7619c73b4 | ||
| 005 | Дата корректировки | 20160831095542.0 | ||
| 008 | Кодируемые данные | 010323 d | ||
| 020 | a | ISBN | 5-06-001543-2 (в пер.) | |
| c | Цена, тираж | 1.00 | ||
| 040 | a | Служба первич. каталог. | RU-RKP | |
| 040 | a | Служба первич. каталог. | НБ ТвГУ | |
| 041 | 0_ | a | Код языка текста | rus |
| 080 | a | Индекс УДК | 537.8(075.8) | |
| 084 | a | Индекс другой классификации/Индекс ББК | В313.2я731-1 | |
| 090 | x | Авторский знак | Т 35 | |
| a | Полочн. индекс | В313.2 | ||
| 092 | a | 29.05 | ||
| 100 | 1_ | a | Автор | Терлецкий Яков Петрович |
| q | Полное имя | Терлецкий Я. П. | ||
| 245 | 10 | a | Заглавие | Электродинамика |
| b | Продолж. заглавия | [учебное пособие для физических специальностей университетов] | ||
| 250 | a | Основные сведения об издании | 2-е изд., перераб. | |
| 260 | 0_ | a | Место издания | Москва |
| b | Издательство | Высшая школа | ||
| c | Дата издания | 1990 | ||
| 300 | a | Объем | 351,[1] с. | |
| b | Иллюстрации/ тип воспроизводства | ил. | ||
| c | Размеры | 22 см | ||
| 504 | a | Библиография | Предм. указ.: с. 346-349. | |
| 650 | 04 | a | Основная рубрика | Электродинамика |
| x | Основная подрубрика | Учебники для вузов | ||
| 653 | 0_ | a | Ключевые слова | Классическая электродинамика |
| a | Ключевые слова | Учебники | ||
| 653 | 0_ | a | Ключевые слова | Электродинамика |
| 700 | 1_ | a | Другие авторы | Рыбаков Юрий Петрович |
| q | Полное имя | Рыбаков Я. П. | ||
| 852 | 41 | t | Порядковый номер экземпляра | 2 |
| p | Инвентарный номер | 613365 | ||
| p | Инвентарный номер | 613366 | ||
| 901 | t | Тип документа | m | |
| 920 | a | Оператор | Густ | |
| 930 | a | Новая/Ретро | учебники | |
| 954 | a | Дата поступления на обработку | 20010323 | |
| 999 | a | Подразделение 2 | Фил3 |